[Event "CAT-ch Open-Women 2019"]
[Site "Platja de la Pineda"]
[Date "2019.04.19"]
[Round "3"]
[White "Campos Cayuelas, Adria"]
[Black "Lozano Ruiz, David"]
[Result "1-0"]
[WhiteElo "2162"]
[BlackElo "1898"]
[Annotator "NA"]
[PlyCount "145"]
[EventDate "2019.04.18"]
[EventType "swiss"]
[EventCountry "ESP"]
[SourceTitle "playchess.com"]
[Source "ChessBase"]
[SourceQuality "1"]
[TimeControl "5400+30"]

1. e4 d5 2. exd5 Nf6 3. Bb5+ Nbd7 4. Nc3 a6 5. Be2 Nb6 6. Bf3 Nbxd5 7. Nxd5 Nxd5 8. d4 c6 9. Ne2 Bf5 10. a3 e6 11. O-O Bd6 12. Re1 O-O 13. c4 Nf6 14. Qb3 Qc7 15. c5 Be7 16. Bf4 Qd7 17. Rad1 a5 18. Nc3 Bg4 19. Bxg4 Nxg4 20. Na4 Bd8 21. Qg3 Nf6 22. Be5 Nh5 23. Qg4 g6 24. Qf3 Qd5 25. Qxd5 cxd5 26. Rd3 Be7 27. Rb3 Ra7 28. Rb5 Bf6 29. Bd6 Re8 30. Rd1 e5 31. dxe5 Bxe5 32. g3 Nf6 33. Nb6 Bxd6 34. cxd6 Rd8 35. d7 Ra6 36. Nxd5 Nxd5 37. Rdxd5 b6 38. Rb3 Kf8 39. Kf1 Ra7 40. Rxb6 Rdxd7 41. Rxd7 Rxd7 42. Ke2 Ke7 43. Rb5 Ra7 44. a4 h5 45. Kd3 Kd6 46. Kd4 Kc6 47. h4 Kd6 48. Rb6+ Ke7 49. Kc5 Kd7 50. b3 Rc7+ 51. Kb5 Ra7 52. Rf6 Ke7 53. Rf3 Ke6 54. Kb6 Ra8 55. Rc3 Kd6 56. Kb7 Re8 57. Rc6+ Kd7 58. Rc5 Re2 59. Rxa5 Rxf2 60. Rb5 Rc2 61. a5 Rc7+ 62. Kb8 Rc8+ 63. Ka7 Rc3 64. a6 f6 65. b4 Rc4 66. Rb7+ Kc8 67. b5 g5 68. hxg5 fxg5 69. Rh7 h4 70. b6 Rb4 71. gxh4 gxh4 72. b7+ Kd8 73. b8=Q+ 1-0

[Event "CAT-ch Open-Women 2019"]
[Site "Platja de la Pineda"]
[Date "2019.04.19"]
[Round "3"]
[White "Fernandez Aguilar, Francisco"]
[Black "Gallego Montes, Antoni"]
[Result "1-0"]
[WhiteElo "2132"]
[BlackElo "1892"]
[Annotator "ChessBase"]
[PlyCount "92"]
[EventDate "2019.04.18"]
[EventType "swiss"]
[EventCountry "ESP"]
[SourceTitle "playchess.com"]
[Source "ChessBase"]
[SourceQuality "1"]
[TimeControl "5400+30"]

1. d4 d6 2. Nf3 Nd7 3. e4 e5 4. Bc4 h6 5. dxe5 Qe7 6. exd6 Qxe4+ 7. Be2 Bxd6 8. Nc3 Qg6 9. Nb5 Ne5 10. O-O Bd7 11. Nxd6+ cxd6 12. Bf4 Bc6 13. Bg3 Ne7 14. Nd4 O-O 15. f4 Qe4 16. Rf2 Rfd8 17. Nxc6 N5xc6 18. Bd3 Qd5 19. Rd2 Qd4+ 20. Kh1 Qf6 21. c3 Nf5 22. Bf2 d5 23. Qg4 Nd6 24. Bh4 Qe6 25. Qxe6 fxe6 26. Bxd8 Rxd8 27. Re1 Kf7 28. Kg1 Kf6 29. Rde2 Re8 30. Bc2 Nc4 31. Ba4 a6 32. Bb3 N6a5 33. Bd1 Nd6 34. b3 Nc6 35. Re3 Nf5 36. Rd3 d4 37. cxd4 Nfxd4 38. Bf3 Nxf3+ 39. Rxf3 Rd8 40. Rfe3 Rd6 41. Kf2 Nb4 42. R1e2 Nd5 43. Rd3 Rc6 44. g3 Rc1 45. Rdd2 Nc3 46. Re1 Nd5 1-0

[Event "CAT-ch Open-Women 2019"]
[Site "Platja de la Pineda"]
[Date "2019.04.19"]
[Round "3"]
[White "Millaret Lores, Francesc"]
[Black "Fernandez Diaz, Cristian"]
[Result "0-1"]
[WhiteElo "2028"]
[BlackElo "2237"]
[Annotator "NA"]
[PlyCount "66"]
[EventDate "2019.04.18"]
[EventType "swiss"]
[EventCountry "ESP"]
[SourceTitle "playchess.com"]
[Source "ChessBase"]
[SourceQuality "1"]
[TimeControl "5400+30"]

1. e4 e5 2. Nf3 Nc6 3. Bc4 Bc5 4. d3 Nf6 5. Nc3 d6 6. h3 a6 7. Bg5 h6 8. Bxf6 Qxf6 9. Nd5 Qd8 10. Qd2 Ne7 11. Nxe7 Qxe7 12. c3 O-O 13. O-O Bb6 14. Rfe1 Qf6 15. Nh2 Kh8 16. Kh1 Qh4 17. f3 f5 18. d4 exd4 19. cxd4 Bd7 20. Bd5 c6 21. Bb3 a5 22. Ba4 Rae8 23. d5 fxe4 24. dxc6 bxc6 25. Qxd6 exf3 26. Nxf3 Rxe1+ 27. Rxe1 Rxf3 28. Qb8+ Bd8 29. Rd1 Rf8 30. Rxd7 Be7 31. Qb3 Qe1+ 32. Kh2 Rf1 33. Qb8+ Bf8 0-1

[Event "CAT-ch Open-Women 2019"]
[Site "Platja de la Pineda"]
[Date "2019.04.19"]
[Round "3"]
[White "Guerra Reig, Juan"]
[Black "Ros Alonso, Jaume"]
[Result "0-1"]
[WhiteElo "1996"]
[BlackElo "2182"]
[Annotator "ChessBase"]
[PlyCount "103"]
[EventDate "2019.04.18"]
[EventType "swiss"]
[EventCountry "ESP"]
[SourceTitle "playchess.com"]
[Source "ChessBase"]
[SourceQuality "1"]
[TimeControl "5400+30"]

1. c4 e5 2. Nc3 Nc6 3. g3 Bc5 4. Bg2 d6 5. d3 h6 6. e3 a6 7. Nge2 Ba7 8. O-O Nge7 9. h3 O-O 10. Kh2 f5 11. Nd5 Kh8 12. Nec3 Ng6 13. Qh5 Kh7 14. g4 Nb8 15. f4 c6 16. e4 cxd5 17. exf5 Nxf4 18. Bxf4 exf4 19. Nxd5 Nd7 20. Nxf4 Nf6 21. Qg6+ Kh8 22. g5 Ng8 23. Nh5 Qxg5 24. Qxg5 hxg5 25. Be4 Nf6 26. Nxf6 gxf6 27. b4 Rb8 28. Rac1 Be3 29. Rc2 b6 30. Re2 Bd4 31. Bd5 Be5+ 32. Kg1 b5 33. Re4 Bb7 34. Bxb7 Rxb7 35. d4 Bf4 36. c5 dxc5 37. bxc5 Rd7 38. c6 Rd6 39. Re6 Rxd4 40. Rf3 Be5 41. Ra3 Rd6 42. Rxa6 Rxe6 43. fxe6 Re8 44. Kg2 Rxe6 45. Kf3 Kg7 46. Ke4 Bc7+ 47. Kd5 Re5+ 48. Kd4 Kg6 49. a4 bxa4 50. Rxa4 Bb6+ 51. Kd3 Rc5 52. Kd4 0-1

[Event "CAT-ch Open-Women 2019"]
[Site "Platja de la Pineda"]
[Date "2019.04.19"]
[Round "3"]
[White "Ribera Veganzones, Josep Maria"]
[Black "Del Amo Carbo, Jordi"]
[Result "1/2-1/2"]
[WhiteElo "1980"]
[BlackElo "2175"]
[Annotator "ChessBase"]
[PlyCount "180"]
[EventDate "2019.04.18"]
[EventType "swiss"]
[EventCountry "ESP"]
[SourceTitle "playchess.com"]
[Source "ChessBase"]
[SourceQuality "1"]
[TimeControl "5400+30"]

1. e4 e5 2. Nf3 Nc6 3. d4 exd4 4. Bc4 Nf6 5. e5 d5 6. Bb5 Ne4 7. Nxd4 Bc5 8. O-O Bd7 9. Bxc6 bxc6 10. f3 Ng5 11. Be3 O-O 12. f4 Ne4 13. Nd2 Qe7 14. Nxe4 dxe4 15. Qe2 f6 16. exf6 Rxf6 17. Nb3 Bd6 18. Qc4+ Kh8 19. Nc5 Bf5 20. Bd4 Rg6 21. Rae1 Re8 22. Nd3 Rh6 23. Ne5 Rf8 24. Rf2 c5 25. Bc3 Qe8 26. b3 Qe7 27. a4 Bxe5 28. Bxe5 Rd8 29. Qc3 Rd5 30. Qa5 c6 31. Bb8 Rd7 32. Be5 Re6 33. Qc3 Rd5 34. Rd2 h6 35. Red1 Rxd2 36. Rxd2 Kh7 37. Qe3 g5 38. h3 g4 39. hxg4 Bxg4 40. Qxe4+ Kg8 41. Qc4 Kh7 42. Qd3+ Kg8 43. Qd7 Kf7 44. Qd8 Qxd8 45. Rxd8 Bf5 46. Rd2 Re7 47. Kf2 Rd7 48. Re2 Bg4 49. Re3 Rd2+ 50. Kg3 Bf5 51. c3 Rd3 52. Rxd3 Bxd3 53. Kh4 Kg6 54. g4 Bc2 55. Bd6 Bxb3 56. a5 a6 57. Bxc5 Bc4 58. Bd4 Bb3 59. Be3 Bc4 60. f5+ Kh7 61. Kg3 Be2 62. Kf4 Kg7 63. Bd4+ Kf7 64. Kg3 Kg8 65. Kh4 Bc4 66. Kh5 Kh7 67. Bf6 Bf7+ 68. Kh4 c5 69. Kg3 c4 70. Kf4 Bd5 71. Bd4 Kg8 72. Be3 Kg7 73. Ke5 Bf3 74. f6+ Kf7 75. Bxh6 Bxg4 76. Bg5 Bd7 77. Kd6 Bb5 78. Kd5 Ke8 79. Be3 Kf7 80. Bd4 Ke8 81. Ke6 Bd7+ 82. Kd6 Bb5 83. Be5 Kf7 84. Kc5 Ke6 85. Bd4 Kf7 86. Kd5 Ke8 87. Ke6 Bd7+ 88. Kd6 Bb5 89. Ke6 Bd7+ 90. Kd6 Bb5 1/2-1/2

[Event "CAT-ch Open-Women 2019"]
[Site "Platja de la Pineda"]
[Date "2019.04.19"]
[Round "3"]
[White "Pellicer Roncero, Nestor"]
[Black "Boixader Arbo, Xavier"]
[Result "0-1"]
[WhiteElo "1972"]
[BlackElo "2154"]
[Annotator "NA"]
[PlyCount "39"]
[EventDate "2019.04.18"]
[EventType "swiss"]
[EventCountry "ESP"]
[SourceTitle "playchess.com"]
[Source "ChessBase"]
[SourceQuality "1"]
[TimeControl "5400+30"]

1. e4 e6 2. d4 d5 3. Bd3 dxe4 4. Bxe4 Nf6 5. Bf3 Nbd7 6. Ne2 e5 7. Ng3 exd4 8. Qxd4 Bc5 9. Qd1 O-O 10. O-O Ne5 11. Be2 Be6 12. Qxd8 Raxd8 13. Bg5 Bb6 14. Nd2 Bg4 15. Bxg4 Nexg4 16. Nde4 Nxe4 17. Nxe4 f6 18. Bh4 Rd4 19. Nc3 Nxh2 20. Bg3 0-1

[Event "CAT-ch Open-Women 2019"]
[Site "Platja de la Pineda"]
[Date "2019.04.19"]
[Round "3"]
[White "Ros Alonso, Joana"]
[Black "Gonzalez Vericat, Sergio"]
[Result "0-1"]
[WhiteElo "1954"]
[BlackElo "2122"]
[Annotator "NA"]
[PlyCount "116"]
[EventDate "2019.04.18"]
[EventType "swiss"]
[EventCountry "ESP"]
[SourceTitle "playchess.com"]
[Source "ChessBase"]
[SourceQuality "1"]
[TimeControl "5400+30"]

1. e4 e5 2. Nf3 Nc6 3. d4 exd4 4. Nxd4 Bc5 5. Nb3 Bb6 6. Qe2 d6 7. Nc3 Be6 8. Be3 Qe7 9. g3 Nf6 10. Bg2 O-O 11. O-O Ne5 12. Nd2 Rad8 13. Bxb6 axb6 14. Rfe1 Nc6 15. Nd5 Bxd5 16. exd5 Qxe2 17. Rxe2 Nb4 18. c4 Rfe8 19. Ne4 Kf8 20. a3 Ra8 21. Rd1 Na6 22. Rdd2 Nxe4 23. Bxe4 Nc5 24. Bc2 Rxe2 25. Rxe2 Na4 26. Bb3 Nc5 27. Bc2 Nd7 28. f4 g6 29. Kf2 Ra5 30. Re3 Nf6 31. h3 b5 32. b4 Ra8 33. cxb5 Nxd5 34. Rd3 Ne7 35. Bd1 Ke8 36. Bf3 d5 37. Bxd5 Nxd5 38. Rxd5 Rxa3 39. Rc5 Kd7 40. Rd5+ Ke6 41. Re5+ Kd6 42. Re4 h5 43. Rd4+ Ke6 44. h4 Rb3 45. Re4+ Kd7 46. Rd4+ Kc8 47. b6 cxb6 48. Rc4+ Kd7 49. Rd4+ Ke6 50. Re4+ Kf5 51. Re7 f6 52. Rxb7 Rxb4 53. Rg7 Rb3 54. Rg8 b5 55. Kg2 b4 56. Rb8 Kg4 57. f5 Kxf5 58. Rg8 Kg4 0-1

[Event "CAT-ch Open-Women 2019"]
[Site "Platja de la Pineda"]
[Date "2019.04.19"]
[Round "3"]
[White "Ruiz Herrero, Victor"]
[Black "Gurrutxaga Telleria, Jose Luis"]
[Result "1-0"]
[WhiteElo "1924"]
[BlackElo "2099"]
[Annotator "NA"]
[PlyCount "83"]
[EventDate "2019.04.18"]
[EventType "swiss"]
[EventCountry "ESP"]
[SourceTitle "playchess.com"]
[Source "ChessBase"]
[SourceQuality "1"]
[TimeControl "5400+30"]

1. e4 c5 2. Nf3 Nc6 3. d4 cxd4 4. Nxd4 Nf6 5. Nc3 d6 6. Bg5 e6 7. Qd2 a6 8. O-O-O Bd7 9. f4 b5 10. Bxf6 gxf6 11. Kb1 Qb6 12. Nxc6 Bxc6 13. f5 b4 14. Ne2 e5 15. Ng3 Qc5 16. Bd3 h5 17. Rhe1 Bh6 18. Qe2 h4 19. Nf1 a5 20. Ne3 a4 21. Nd5 Bxd5 22. exd5 a3 23. Bb5+ Ke7 24. Qc4 Rhc8 25. Qxc5 Rxc5 26. Bc6 Rg8 27. Re2 Bf4 28. Rd4 Rxg2 29. Rxg2 exd4 30. Rg8 Rxc6 31. dxc6 d5 32. h3 Kd6 33. Rg4 Be5 34. Rxh4 axb2 35. Kxb2 d3+ 36. Kc1 d2+ 37. Kxd2 Bc3+ 38. Kd3 Kxc6 39. a3 Be1 40. Rxb4 Kd6 41. Rb8 Bf2 42. Re8 1-0

[Event "CAT-ch Open-Women 2019"]
[Site "Platja de la Pineda"]
[Date "2019.04.19"]
[Round "3"]
[White "Gallego Montes, Antoni"]
[Black "Jul Perez, Alberto"]
[Result "1/2-1/2"]
[WhiteElo "1892"]
[BlackElo "1945"]
[Annotator "NA"]
[PlyCount "91"]
[EventDate "2019.04.18"]
[EventType "swiss"]
[EventCountry "ESP"]
[SourceTitle "playchess.com"]
[Source "ChessBase"]
[SourceQuality "1"]
[TimeControl "5400+30"]

1. e4 c5 2. Nf3 d6 3. d4 cxd4 4. Nxd4 Nf6 5. Nc3 g6 6. Be3 Bg7 7. f3 O-O 8. Bc4 Nc6 9. Qd2 Nxd4 10. Bxd4 Be6 11. Bb3 Qa5 12. O-O-O b5 13. Kb1 Rfc8 14. g4 b4 15. Ne2 Bxb3 16. cxb3 e5 17. Be3 Rc6 18. g5 Nh5 19. Qd5 Qxd5 20. Rxd5 a6 21. Rc1 Rac8 22. Rxd6 Rxc1+ 23. Nxc1 Ra8 24. Bb6 Nf4 25. Rd8+ Rxd8 26. Bxd8 Bf8 27. Bb6 Be7 28. h4 f6 29. gxf6 Bxf6 30. Bf2 Ng2 31. Nd3 Nxh4 32. Nxe5 Bxe5 33. Bxh4 Bf4 34. Be7 h5 35. Kc2 g5 36. Kd3 Bc1 37. Bxb4 Bxb2 38. Bd2 Bf6 39. e5 h4 40. Ke2 Be7 41. f4 gxf4 42. Bxf4 Kf7 43. Kf3 Ke6 44. Kg4 Bd8 45. b4 Bc7 46. Kxh4 1/2-1/2

[Event "CAT-ch Open-Women 2019"]
[Site "Platja de la Pineda"]
[Date "2019.04.20"]
[Round "4.1"]
[White "Sosa Tomas, Valentin"]
[Black "Munoz, Miguel"]
[Result "1-0"]
[WhiteElo "2508"]
[BlackElo "2509"]
[Annotator "TA"]
[PlyCount "41"]
[EventDate "2019.04.18"]
[EventType "swiss"]
[EventCountry "ESP"]
[SourceTitle "playchess.com"]
[Source "ChessBase"]
[SourceQuality "1"]

{[%evp 10,89,56,52,94,46,41,55,45,45,50,47,49,28,9,0,36,2,78,70,62,67,145,158,133,134,169,142,164,115,179,163,177,175,170,164,169,177,229,170,188,192,191,183,180,181,208,189,187,187,199,205,272,173,230,241,227,233,269,269,359,361,361,361,422,518,533,535,520,518,655,654,693,657,647,631,739,525,733,723,678,632]} 1. e4 d5 2. exd5 Qxd5 3. Nc3 Qa5 4. d4 Nf6 5. Bc4 Bg4 6. f3 (6. Nge2 {keeps more tension.} e6 7. O-O Bd6 8. f3 Bf5 9. Nb5) 6... Be6 {B01: Scandinavian Defence} (6... Bd7 7. Nge2 e6 8. Bd2 Qb6 9. a4 a5 10. O-O Be7 11. Be3 O-O 12. Qd2 Bc6 13. Ng3 Qb4 14. Bd3 {½-½ (81) Naiditsch,A (2673)-Van Wely,L (2653) Jurmala 2016}) 7. d5 Bd7 $146 ({Predecessor:} 7... Bf5 8. g4 Bg6 9. Qe2 Nbd7 10. Bd2 Qc5 11. Be3 Qb4 12. O-O-O a6 13. h4 h6 14. Nh3 {1-0 (25) Geiling,C (2160)-Zipfel,F (2178) Germany 2010}) 8. Bd2 c6 {White is slightly better.} 9. Qe2 {[#] Black must now prevent Nb5.} Qc7 10. O-O-O {[%cal Ba1d1,Bd1d3,Bd3c3][%mdl 32]} cxd5 11. Bxd5 e6 12. Bb3 Bd6 13. Nh3 a6 (13... a5 $11 {keeps the balance.}) 14. Bg5 {aiming for Bxf6.} Be5 15. Rd3 $36 {[%mdl 2048] White has the initiative.} Bc6 {[#]} ({Better is} 15... Nc6 $1 $14) 16. f4 $1 $16 {[%cal Rf4e5]} Bxc3 17. Rxc3 {Bxf6 is the strong threat.} Nbd7 18. f5 $1 {[%cal Rf5e6]} e5 19. Nf2 Rc8 (19... e4 $16) 20. Rd1 O-O 21. Kb1 {Played: Rd1xd7} 1-0

[Event "CAT-ch Open-Women 2019"]
[Site "Platja de la Pineda"]
[Date "2019.04.20"]
[Round "4.1"]
[White "Gonzalez Vericat, Sergio"]
[Black "Bravo Barranco, Narciso"]
[Result "1/2-1/2"]
[WhiteElo "2122"]
[BlackElo "2252"]
[Annotator "ChessBase"]
[PlyCount "54"]
[EventDate "2019.04.18"]
[EventType "swiss"]
[EventCountry "ESP"]
[SourceTitle "playchess.com"]
[Source "ChessBase"]
[SourceQuality "1"]
[TimeControl "5400+30"]

1. b3 e5 2. Bb2 Nc6 3. e3 Nf6 4. Bb5 Bd6 5. Na3 a6 6. Bxc6 dxc6 7. Nc4 Qe7 8. Nf3 e4 9. Nfe5 Qe6 10. Nxd6+ cxd6 11. Nc4 Nd5 12. d3 O-O 13. dxe4 Qxe4 14. O-O Qg6 15. Qd4 Rd8 16. Kh1 Be6 17. Nd2 Nf6 18. Rac1 Bd5 19. f3 Re8 20. e4 c5 21. Qd3 Bc6 22. Qxd6 Rad8 23. Qf4 Nh5 24. Qe3 f5 25. Rfd1 fxe4 26. Nxe4 Rxd1+ 27. Rxd1 Bxe4 1/2-1/2

[Event "CAT-ch Open-Women 2019"]
[Site "Platja de la Pineda"]
[Date "2019.04.20"]
[Round "4.2"]
[White "Guerra Mendez, Jose Angel"]
[Black "Gonzalez Garcia, Jose"]
[Result "1/2-1/2"]
[WhiteElo "2531"]
[BlackElo "2492"]
[Annotator "TA"]
[PlyCount "42"]
[EventDate "2019.04.18"]
[EventType "swiss"]
[EventCountry "ESP"]
[SourceTitle "playchess.com"]
[Source "ChessBase"]
[SourceQuality "1"]

{[%evp 14,42,18,23,13,17,16,14,37,32,29,25,31,20,24,19,14,10,30,26,35,10,15,18,24,20,20,0,23,18,23]} 1. e4 e6 2. d4 d5 3. exd5 exd5 4. Nf3 Nf6 5. Bd3 c5 6. O-O c4 7. Re1+ Be7 8. Bf1 O-O {C01: French: Exchange Variation} 9. b3 cxb3 10. axb3 Nc6 11. c3 (11. Bf4 Bf5 12. c3 Rc8 13. Nbd2 a6 14. b4 h6 15. Nb3 Ne4 16. Rc1 {0-1 (40) Tregubov,P (2592)-Sychev,K (2537) St Petersburg 2018}) 11... Bg4 12. h3 $146 ({Predecessor:} 12. Qd3 Ne4 13. Bf4 {0-1 (30) Turegano Moratalla,S (1808)-Keogh,E (1982) Bled 2018}) 12... Bh5 13. Bg5 h6 14. Bxf6 Bxf6 15. Bd3 Qd6 16. Nbd2 Rac8 17. Qb1 (17. b4 {seems wilder.} Ne7 18. Qb3 Qc7 19. Re3 a6 20. b5) 17... Bxf3 18. Nxf3 a6 19. b4 Ne7 20. Ra3 Rc7 (20... a5 $5) 21. Rb3 Rfc8 {Accuracy: White = 59%, Black = 60%.} 1/2-1/2

[Event "CAT-ch Open-Women 2019"]
[Site "Platja de la Pineda"]
[Date "2019.04.20"]
[Round "4.2"]
[White "Fernandez Fuentes, Fco. Javier"]
[Black "Ventura Bolet, Alexandre"]
[Result "0-1"]
[WhiteElo "2090"]
[BlackElo "2191"]
[Annotator "ChessBase"]
[PlyCount "88"]
[EventDate "2019.04.18"]
[EventType "swiss"]
[EventCountry "ESP"]
[SourceTitle "playchess.com"]
[Source "ChessBase"]
[SourceQuality "1"]
[TimeControl "5400+30"]

1. d4 Nf6 2. c4 d6 3. Nc3 Nbd7 4. e4 e5 5. Nge2 g6 6. d5 Nc5 7. Ng3 a5 8. Be2 Bg7 9. h4 h5 10. Bg5 Bh6 11. Bxh6 Rxh6 12. Qd2 Rh8 13. b3 Nfd7 14. Nf1 Qf6 15. g3 Nb8 16. Rb1 Nba6 17. Ne3 Bd7 18. Bd1 c6 19. a3 Nc7 20. b4 axb4 21. axb4 N5a6 22. Na4 Rb8 23. Nb6 c5 24. b5 Nb4 25. Ra1 Ke7 26. Be2 Na8 27. Na4 Kf8 28. O-O Kg7 29. Ng2 Bh3 30. Rfc1 Bxg2 31. Kxg2 Qd8 32. Qb2 Nb6 33. Nxb6 Qxb6 34. f4 f6 35. Ra3 Qc7 36. Rf1 Ra8 37. Rf2 Ra5 38. fxe5 fxe5 39. Raf3 Raa8 40. Qd2 Qe7 41. Qg5 Qxg5 42. hxg5 Rhf8 43. Rf6 Nc2 44. Rxd6 Ne3+ 0-1

[Event "CAT-ch Open-Women 2019"]
[Site "Platja de la Pineda"]
[Date "2019.04.20"]
[Round "4.3"]
[White "Barbero Sendic, Alejandro"]
[Black "Asis Gargatagli, Hipolito"]
[Result "1/2-1/2"]
[WhiteElo "2361"]
[BlackElo "2529"]
[Annotator "TA"]
[PlyCount "30"]
[EventDate "2019.04.18"]
[EventType "swiss"]
[EventCountry "ESP"]
[SourceTitle "playchess.com"]
[Source "ChessBase"]
[SourceQuality "1"]

{[%evp 10,30,12,-8,-8,-14,-8,-4,0,-4,-4,-7,-14,-11,-15,-21,0,0,0,-13,0,-10,-13]} 1. d4 d5 2. Bf4 Nf6 3. e3 e6 4. Nf3 Bd6 5. Bxd6 Qxd6 6. Nbd2 {[%cal Bb1d2,Bd2f3,Bf3d4][%mdl 32] The position is equal.} Nbd7 {D02: 1 d4 d5 2 Nf3 sidelines, including 2...Nf6 3 g3 and 2...Nf6 3 Bf4} (6... O-O 7. Be2 c5 8. dxc5 Qxc5 9. O-O Nc6 10. c4 dxc4 11. Nxc4 Rd8 12. Qc1 Bd7 13. Nce5 Qxc1 14. Raxc1 Nxe5 15. Nxe5 {0-1 (52) Demidov,M (2523)-Fressinet,L (2662) Katowice 2017}) 7. Bd3 e5 8. dxe5 Nxe5 9. Nxe5 Qxe5 10. c3 O-O 11. Nf3 Qe7 12. O-O c6 13. h3 Re8 $146 ({Predecessor:} 13... Be6 14. Nd2 Rad8 {0-1 (37) Hamann,B (1877)-Nielsen,J (2161) Odense 2013}) 14. Qc2 Be6 15. Nd4 Bd7 1/2-1/2

[Event "CAT-ch Open-Women 2019"]
[Site "Platja de la Pineda"]
[Date "2019.04.20"]
[Round "4.3"]
[White "Ros Alonso, Jaume"]
[Black "Pla Almenar, Nel"]
[Result "1-0"]
[WhiteElo "2182"]
[BlackElo "2006"]
[Annotator "ChessBase"]
[PlyCount "55"]
[EventDate "2019.04.18"]
[EventType "swiss"]
[EventCountry "ESP"]
[SourceTitle "playchess.com"]
[Source "ChessBase"]
[SourceQuality "1"]
[TimeControl "5400+30"]

1. e4 c5 2. Nf3 e6 3. d4 cxd4 4. Nxd4 a6 5. Nc3 Qc7 6. Bd3 Bd6 7. Qd2 Be7 8. O-O d6 9. f4 Nf6 10. Kh1 Nc6 11. Nf3 b5 12. Qe2 O-O 13. Bd2 b4 14. Nd1 e5 15. c4 exf4 16. Bxf4 Ne5 17. Ne3 Bb7 18. Nd5 Bxd5 19. cxd5 Nxd3 20. Qxd3 Nd7 21. Rac1 Nc5 22. Qd4 Qb6 23. e5 dxe5 24. Bxe5 f6 25. d6 fxe5 26. Qd5+ Ne6 27. Qxe6+ Rf7 28. Nxe5 1-0

[Event "CAT-ch Open-Women 2019"]
[Site "Platja de la Pineda"]
[Date "2019.04.20"]
[Round "4.4"]
[White "Moskalenko, Viktor"]
[Black "Jimenez Ruano, Adrian"]
[Result "1/2-1/2"]
[WhiteElo "2515"]
[BlackElo "2287"]
[Annotator "TA"]
[PlyCount "36"]
[EventDate "2019.04.18"]
[EventType "swiss"]
[EventCountry "ESP"]
[SourceTitle "playchess.com"]
[Source "ChessBase"]
[SourceQuality "1"]

{[%evp 10,36,1,-6,0,-4,-8,-7,0,0,0,0,0,-2,10,-14,-3,-61,-44,-44,-12,-18,-23,-50,-15,-14,-17,-75,0]} 1. d4 d5 2. Bf4 Nf6 3. e3 e6 4. Nf3 Bd6 5. Bg3 O-O 6. Nbd2 c5 {D02: 1 d4 d5 2 Nf3 sidelines, including 2...Nf6 3 g3 and 2...Nf6 3 Bf4} 7. c3 b6 8. Ne5 (8. Bd3 Ba6 9. Bxa6 Nxa6 10. O-O Bxg3 11. hxg3 Qc7 12. Qe2 Nb8 13. e4 dxe4 14. Nxe4 Nbd7 {1-0 (55) Duda,J (2738)-Giri,A (2783) St Petersburg 2018}) 8... Bb7 {The position is equal.} 9. a4 a6 $146 ({Predecessor:} 9... Nc6 10. f4 Ne7 11. Bd3 Ne4 12. Nxe4 dxe4 13. Bc4 Nf5 14. Bf2 cxd4 15. cxd4 {0-1 (22) Lenz,J (1016)-Kolanek,R (1973) LSS email 2013}) 10. Bd3 Nc6 {[%cal Bb8c6,Bc6e7,Be7f5][%mdl 32]} 11. Qe2 Ne7 12. Rd1 Qc7 13. f4 (13. Ng4 $11) 13... Nf5 14. Bf2 Be7 15. g4 Nd6 16. Bg3 c4 17. Bc2 b5 18. f5 {[#]} (18. O-O $11) 18... Nfe4 {Accuracy: White = 45%, Black = 41%.} (18... exf5 $1 $17 19. gxf5 bxa4) 1/2-1/2

[Event "CAT-ch Open-Women 2019"]
[Site "Platja de la Pineda"]
[Date "2019.04.20"]
[Round "4.4"]
[White "Jareno Badenas, Aleix"]
[Black "Montilla Carrillo, Esteban"]
[Result "1/2-1/2"]
[WhiteElo "2055"]
[BlackElo "2178"]
[Annotator "ChessBase"]
[PlyCount "125"]
[EventDate "2019.04.18"]
[EventType "swiss"]
[EventCountry "ESP"]
[SourceTitle "playchess.com"]
[Source "ChessBase"]
[SourceQuality "1"]
[TimeControl "5400+30"]

1. Nf3 c5 2. g3 d5 3. Bg2 Nc6 4. d4 Nf6 5. O-O e6 6. c4 cxd4 7. cxd5 Nxd5 8. Nxd4 Bd7 9. a3 Be7 10. Nf5 exf5 11. Bxd5 O-O 12. Nc3 Bf6 13. Bf4 Rc8 14. Qb3 Na5 15. Qa2 Qe7 16. Rfd1 Rfd8 17. Bd6 Qe8 18. Bb4 b6 19. Bxa5 bxa5 20. Bc4 Bxc3 21. bxc3 Bc6 22. Bd5 g6 23. c4 a4 24. Rd2 Qe5 25. Rad1 Kg7 26. Bxc6 Rxd2 27. Qxd2 Rxc6 28. Qd4 Qxd4 29. Rxd4 Kf6 30. Rd7 a6 31. Ra7 h5 32. e3 Ke6 33. Kf1 Kd6 34. Ke2 Kc5 35. Kd3 Rb6 36. Rc7+ Kd6 37. Rxf7 Rb3+ 38. Kd4 Rxa3 39. Rf6+ Ke7 40. Rxg6 Ra2 41. Rxa6 Rxf2 42. Rxa4 Rxh2 43. Ke5 Re2 44. Ra7+ Ke8 45. Kxf5 Rxe3 46. Kf4 Rc3 47. Rc7 Kd8 48. Rc5 Ke7 49. Re5+ Kf6 50. Re4 Rd3 51. Re3 Rd4+ 52. Re4 Rd3 53. g4 hxg4 54. Kxg4 Rd1 55. Kf3 Kf5 56. Rh4 Ke5 57. Ke3 Ra1 58. Rh5+ Kd6 59. Kd4 Rd1+ 60. Kc3 Kc6 61. Rh6+ Kc5 62. Rh5+ Kc6 63. Rh6+ 1/2-1/2

[Event "CAT-ch Open-Women 2019"]
[Site "Platja de la Pineda"]
[Date "2019.04.20"]
[Round "4.5"]
[White "Diaz Camallonga, Carles"]
[Black "Herrera Reyes, Jose Antonio"]
[Result "1-0"]
[WhiteElo "2432"]
[BlackElo "2355"]
[Annotator "ChessBase"]
[PlyCount "95"]
[EventDate "2019.04.18"]
[EventType "swiss"]
[EventCountry "ESP"]
[SourceTitle "playchess.com"]
[Source "ChessBase"]
[SourceQuality "1"]
[TimeControl "5400+30"]

1. Nf3 c5 2. c4 b6 3. g3 Bb7 4. Bg2 e6 5. O-O Nf6 6. Nc3 Be7 7. d4 cxd4 8. Qxd4 O-O 9. Rd1 Nc6 10. Qf4 a6 11. e4 d6 12. b3 Qc7 13. Bb2 Rac8 14. Qe3 Nb8 15. Rac1 Nbd7 16. h3 Qb8 17. Nd4 Rfe8 18. g4 Nf8 19. g5 N6d7 20. Qg3 Ng6 21. h4 d5 22. Qxb8 Nxb8 23. cxd5 Nxh4 24. f4 e5 25. Nf5 Bc5+ 26. Kf1 Nxf5 27. exf5 Be3 28. Rc2 a5 29. Bh3 Bxf4 30. Rg2 Rcd8 31. f6 g6 32. Ba3 b5 33. Be7 b4 34. Bxd8 Rxd8 35. Ne2 Bxd5 36. Ke1 Nc6 37. Nxf4 Bxg2 38. Rxd8+ Nxd8 39. Nxg2 h6 40. Ne3 Nc6 41. gxh6 Nd4 42. Kf2 Nb5 43. Nc4 Nc3 44. Nxe5 Ne4+ 45. Ke3 Nxf6 46. Kd4 Nh5 47. Bf1 Nf4 48. Bc4 1-0

[Event "CAT-ch Open-Women 2019"]
[Site "Platja de la Pineda"]
[Date "2019.04.20"]
[Round "4.5"]
[White "Madria Garriga, Vidal"]
[Black "Campos Cayuelas, Adria"]
[Result "0-1"]
[WhiteElo "2017"]
[BlackElo "2162"]
[Annotator "ChessBase"]
[PlyCount "42"]
[EventDate "2019.04.18"]
[EventType "swiss"]
[EventCountry "ESP"]
[SourceTitle "playchess.com"]
[Source "ChessBase"]
[SourceQuality "1"]
[TimeControl "5400+30"]

1. d4 Nf6 2. Bf4 g6 3. Nc3 d5 4. e3 Bg7 5. h4 O-O 6. h5 Nxh5 7. Rxh5 gxh5 8. Qxh5 c6 9. Bd3 f5 10. Nf3 Qe8 11. Qh2 Nd7 12. g4 Nf6 13. gxf5 Qh5 14. Nh4 Ng4 15. Qg3 Bf6 16. Nf3 Kh8 17. O-O-O Rg8 18. Rg1 Bxf5 19. Bxf5 Nxe3 20. Qh3 Qxf5 21. Qh2 Qxc2# 0-1